Book Titles Missing First Names Quiz Stats

Quiz Updated Apr 8, 2016

Challenge
Share
Tweet
Embed
Score 0/40 Timer 05:00
2 Plays Today
Book First Name % Correct
___'s Adventures in WonderlandAlice
97.4%
___'s WebCharlotte
96.7%
___ PoppinsMary
96.2%
___-the-PoohWinnie
95.8%
___ EyreJane
95.4%
The Adventures of ___ SawyerTom
95.1%
___ Potter and the Chamber of SecretsHarry
95.1%
The Casebook of ___ HolmesSherlock
93%
___ CopperfieldDavid
91%
___ and the Giant PeachJames
89.9%
___ of Green GablesAnne
88%
Curious ___George
86.8%
___ Jones's DiaryBridget
85.2%
___ KareninaAnna
84.2%
The Tale of ___ RabbitPeter
82.8%
___ Van WinkleRip
81.2%
The Picture of ___ GrayDorian
79.1%
___ of the D’UrbervillesTess
64%
___ de BergeracCyrano
51.4%
Tuesdays with ___Morrie
50.7%
Book First Name % Correct
___ Hatches the EggHorton
46.6%
___ FlandersMoll
45.9%
___ of the ApesTarzan
44.7%
___ FromeEthan
43.2%
___ Livingston SeagullJonathan
42.6%
___ Quimby, Age 8Ramona
39.9%
___ of Sunnybrook FarmRebecca
37.6%
___ BuddBilly
35.1%
___ TremainJohnny
34.6%
___ and the Purple CrayonHarold
34.4%
A Prayer for ___ MeanyOwen
34.2%
Lord ___Jim
32.5%
The Murder of ___ AckroydRoger
30.6%
One Day in the Life of ___ DenisovichIvan
30.1%
___ and ZooeyFranny
26.5%
___ ClaiborneDolores
26.2%
My ___Ántonia
24.1%
Travels with ___Charley
19.9%
Sister ___Carrie
14.9%
___ in LondonMadeline
8.5%

You're not logged in!

Compare scores with friends on all Sporcle quizzes.
Join for Free
OR
Log In

You Might Also Like...

Show Comments

Extras

Top Quizzes Today


Score Distribution

Your Account Isn't Verified!

In order to create a playlist on Sporcle, you need to verify the email address you used during registration. Go to your Sporcle Settings to finish the process.

Report this User

Report this user for behavior that violates our Community Guidelines.

Details: